00628nam a2200121Ia 4500008004100000100001600041245011100057245016700168260004700335260000900382650002200391856009300413160809s9999 xx 000 0 und d aTing, Tina. aPREVALENCE, DIAGNOSIS, TREATMENT AND RESEARCH ON AUTISM SPECTRUM DISORDERS (ASD) IN SINGAPORE AND MALAYSIA cTina Ting Xiang Neik SEGi University Lay Wah Lee Hui Min Low Universiti Sains Malaysia Noel Kok Hwee Chia Arnold Chee Keong Chua Nanyang Technological University. bInternational Journal of Special Education c2014 xSPECIAL EDUCATION uhttp://www.internationaljournalofspecialed.com/issues/IJSE%20ENTIRE%20ISSUE%2029%203.pdf